| 000 | 00000nam##2200000za#4500 |
| 001 | 9.603119 |
| 003 | CaOODSP |
| 005 | 20210624210918 |
| 007 | cr ||||||||||| |
| 008 | 150406|2000||||xxc|||||o f|0| 0 fre|d |
| 040 | |aCaOODSP|bfre |
| 043 | |an-cn--- |
| 086 | 1 |aR34-6/1-1997F-PDF |
| 110 | 1 |aCanada.|bAffaires indiennes et du Nord. |
| 245 | 13|aLe Nunavut, troisième territoire du Canada au nord du 60e parallèle |h[ressource électronique] |
| 260 | |aOttawa - Ontario : |bAffaires indiennes et du Nord |c2000. |
| 300 | |a4p.|bfigure, ill., cartes |
| 490 | 1 |aInformation |
| 500 | |a«Activités sur le Nunavut pour les élèves de 5e et 6e année»--p.2 de 4. |
| 590 | |a12-09-Supp|b2012-03-21 |
| 691 | 07|aInuit|2gcpds |
| 691 | 07|aTerritoire|2gcpds |
| 775 | 08|tNunavut, Canada's third territory "North of 60" |w(CaOODSP)9.572869 |
| 776 | 0#|tLe Nunavut: troisième territoire du Canada au nord du 60e parallèle |w(CaOODSP)9.624627 |
| 830 | #0|aInformation.|w(CaOODSP)9.500903 |
| 856 | 40|ahttp://publications.gc.ca|qPDF|s212 Ko|uhttps://publications.gc.ca/collections/Collection/R34-6-1-1997F.pdf |
| 986 | |aQS-6120-001-FF A3 |